[Event "Moscow IM"]
[Site "Moscow"]
[Date "2011.03.16"]
[Round "12"]
[White "Zhadanov, Nikolay"]
[Black "Erzhanov, Arman"]
[Result "1/2-1/2"]
[WhiteElo "2231"]
[BlackElo "2376"]
[PlyCount "60"]
[EventDate "2011.02.25"]
[EventType "tourn"]
[EventRounds "13"]
[EventCountry "RUS"]
[EventCategory "4"]
[SourceTitle "EXT 2012"]
[Source "ChessBase"]
[SourceDate "2011.11.24"]
[SourceVersion "1"]
[SourceVersionDate "2011.11.24"]
[SourceQuality "1"]

1. d4 d5 2. c4 c6 3. Nf3 Nf6 4. Nc3 e6 5. Bg5 h6 6. Bh4 dxc4 7. e4 g5 8. Bg3 b5 9. Be2 Bb7 10. h4 g4 11. Ne5 h5 12. f3 Nbd7 13. fxg4 hxg4 14. 0-0 Nxe5 15. Bxe5 Nd7 16. Bxh8 Qxh4 17. Bxg4 Qxh8 18. e5 0-0-0 19. Qe2 c5 20. Nxb5 a6 21. Rxf7 axb5 22. Bxe6 cxd4 23. Bxd7+ Rxd7 24. Qg4 Bc6 25. Rxd7 Bxd7 26. e6 d3 27. exd7+ Kd8 28. Qg5+ Be7 29. Qxb5 Qd4+ 30. Kh1 Qh4+ 1/2-1/2

[Event "Moscow-chT"]
[Site "Moscow"]
[Date "2010.11.24"]
[Round "2"]
[White "Ulko, Jaroslav"]
[Black "Zhadanov, Nikolay"]
[Result "1-0"]
[WhiteElo "2456"]
[BlackElo "2332"]
[PlyCount "49"]
[EventDate "2010.11.20"]
[EventType "team-tourn"]
[EventRounds "7"]
[EventCountry "RUS"]
[SourceTitle "CBM 139 Extra"]
[Source "ChessBase"]
[SourceDate "2011.01.05"]
[SourceVersion "1"]
[SourceVersionDate "2011.01.05"]
[SourceQuality "1"]
[WhiteTeam "Yakimanka"]
[BlackTeam "Chips"]
[WhiteTeamCountry "RUS"]
[BlackTeamCountry "RUS"]

1. e4 e6 2. d4 d5 3. Nc3 Bb4 4. e5 c5 5. a3 Bxc3+ 6. bxc3 Ne7 7. Nf3 Nbc6 8. Be2 Qa5 9. Bd2 Qa4 10. Qb1 c4 11. 0-0 Bd7 12. Ng5 f6 13. exf6 gxf6 14. Bh5+ Ng6 15. Re1 fxg5 16. Qxb7 Rb8 17. Qc7 Qxc2 18. Bxg5 Rf8 19. Qd6 Qxf2+ 20. Kh1 Qf5 21. h4 Rb2 22. Re5 Qf7 23. Rxd5 Rb6 24. Re1 Nce7 25. Qxd7# 1-0

[Event "Moscow-chT"]
[Site "Moscow"]
[Date "2010.11.20"]
[Round "1"]
[White "Zhadanov, Nikolay"]
[Black "Novikov, Stanislav"]
[Result "1-0"]
[WhiteElo "2332"]
[BlackElo "2565"]
[PlyCount "73"]
[EventDate "2010.11.20"]
[EventType "team-tourn"]
[EventRounds "7"]
[EventCountry "RUS"]
[SourceTitle "CBM 139 Extra"]
[Source "ChessBase"]
[SourceDate "2011.01.05"]
[SourceVersion "1"]
[SourceVersionDate "2011.01.05"]
[SourceQuality "1"]
[WhiteTeam "Chips"]
[BlackTeam "Palace"]
[WhiteTeamCountry "RUS"]
[BlackTeamCountry "RUS"]

1. d4 d6 2. e4 g6 3. Nf3 Bg7 4. Bd3 c5 5. dxc5 Qa5+ 6. c3 Qxc5 7. Be3 Qc7 8. 0-0 Nc6 9. Na3 Nf6 10. h3 0-0 11. Qd2 b6 12. Bh6 Bb7 13. Rfe1 Nd7 14. Bxg7 Kxg7 15. Rad1 a6 16. Qg5 b5 17. Nc2 Nde5 18. Nh4 Nxd3 19. Rxd3 Ne5 20. Rg3 f6 21. Nf5+ Kh8 22. Qh6 Rg8 23. Nfd4 Qc4 24. a3 Qf7 25. f4 Nc4 26. b3 Nd2 27. e5 dxe5 28. fxe5 Ne4 29. Rge3 f5 30. Nf3 Qxb3 31. Ncd4 Qf7 32. Rxe4 Qf8 33. Qxf8 Rgxf8 34. Rh4 Bd5 35. Ng5 h5 36. Nde6 Rfc8 37. Nf4 1-0

[Event "Moscow-ch final"]
[Site "Moscow"]
[Date "2010.03.27"]
[Round "2"]
[White "Dvalishvili, Pavel S"]
[Black "Zhadanov, Nikolay"]
[Result "1-0"]
[WhiteElo "2457"]
[BlackElo "2231"]
[PlyCount "105"]
[EventDate "2010.03.25"]
[EventType "k.o."]
[EventRounds "2"]
[EventCountry "RUS"]
[SourceTitle "CBM 135 Extra"]
[Source "ChessBase"]
[SourceDate "2010.05.04"]
[SourceVersion "1"]
[SourceVersionDate "2010.05.04"]
[SourceQuality "1"]

1. c4 Nf6 2. Nc3 d5 3. cxd5 Nxd5 4. g3 e5 5. Bg2 Nb6 6. Nf3 Nc6 7. 0-0 Be7 8. a3 Be6 9. b4 0-0 10. d3 a5 11. b5 Nd4 12. Nxd4 exd4 13. Na4 Nd5 14. Bb2 c5 15. Qc2 b6 16. Bc1 Ra7 17. Bd2 Bd6 18. Nb2 Re7 19. Nc4 Bc7 20. Bg5 f6 21. Bd2 Bf7 22. e4 dxe3 23. fxe3 Be5 24. Rae1 Qb8 25. Rf5 g6 26. Rf2 Rd7 27. Nxe5 Qxe5 28. e4 Nc7 29. Bc3 Qd6 30. Qb2 Be6 31. Re3 Rdf7 32. a4 Ne8 33. d4 cxd4 34. Bxd4 Rd7 35. Rd3 Qb4 36. Qa1 Bb3 37. Bc5 Rxd3 38. Bxb4 axb4 39. Bf1 Rc3 40. Rb2 Kg7 41. Qb1 Bxa4 42. Rxb4 Bc2 43. Qa1 Rc5 44. Qa7+ Rf7 45. Qxb6 Re5 46. Bg2 Rfe7 47. Qd4 Nc7 48. b6 Na6 49. b7 Nb8 50. Qd8 Nc6 51. Qc8 R5e6 52. b8Q Nxb8 53. Rxb8 1-0

[Event "Moscow-ch final"]
[Site "Moscow"]
[Date "2010.03.26"]
[Round "1"]
[White "Zhadanov, Nikolay"]
[Black "Amonatov, Farrukh"]
[Result "1-0"]
[WhiteElo "2231"]
[BlackElo "2634"]
[PlyCount "145"]
[EventDate "2010.03.25"]
[EventType "k.o."]
[EventRounds "2"]
[EventCountry "RUS"]
[SourceTitle "CBM 135 Extra"]
[Source "ChessBase"]
[SourceDate "2010.05.04"]
[SourceVersion "1"]
[SourceVersionDate "2010.05.04"]
[SourceQuality "1"]

1. d4 Nf6 2. Nf3 g6 3. Bg5 Ne4 4. Bh4 Bg7 5. Nbd2 d5 6. e3 c5 7. c3 cxd4 8. cxd4 Nd6 9. Qb3 Nf5 10. Bb5+ Nc6 11. Bg5 0-0 12. 0-0 h6 13. Bf4 g5 14. Bg3 Na5 15. Qa3 a6 16. Bd3 Nxg3 17. hxg3 e6 18. b4 Nc6 19. b5 Qe7 20. Qxe7 Nxe7 21. bxa6 b6 22. Rfc1 Bxa6 23. Bxa6 Rxa6 24. Rc7 Ng6 25. g4 Rfa8 26. Rb7 Bf6 27. a4 Be7 28. Nf1 Kf8 29. Ng3 Bd8 30. e4 dxe4 31. Nxe4 R6a7 32. Rxa7 Rxa7 33. Nc3 Rc7 34. Nb5 Rc8 35. g3 Ne7 36. Ne5 Rc2 37. Nd6 f5 38. Nd7+ Kg7 39. Re1 fxg4 40. Rxe6 Ng8 41. Nf5+ Kf7 42. d5 Rd2 43. Ne5+ Kf8 44. d6 h5 45. d7 Ne7 46. Nxe7 Bxe7 47. Rxb6 h4 48. Rb8+ Kg7 49. Re8 Bf6 50. a5 Rd1+ 51. Kg2 h3+ 52. Kh2 Rd2 53. Nxg4 Rxd7 54. Nxf6 Kxf6 55. Re2 g4 56. a6 Ra7 57. Ra2 Kf5 58. Ra4 Kg5 59. Ra5+ Kg6 60. Ra3 Kg5 61. Ra1 Kf5 62. Ra4 Kg5 63. Kg1 Kf5 64. Kf1 Kg5 65. Kg1 Kf5 66. Ra5+ Kf6 67. Kh1 Kg6 68. Kh2 Kh6 69. f3 gxf3 70. Kxh3 Rf7 71. Ra1 Kg5 72. Kh2 Kg4 73. Ra4+ 1-0

[Event "Moscow op-B"]
[Site "Moscow"]
[Date "2010.02.07"]
[Round "9.26"]
[White "Zhadanov, Nikolay"]
[Black "Sukhov, Maxim"]
[Result "1/2-1/2"]
[WhiteElo "2231"]
[BlackElo "2163"]
[PlyCount "121"]
[EventDate "2010.01.30"]
[EventType "swiss"]
[EventRounds "9"]
[EventCountry "RUS"]
[SourceTitle "EXT 2023"]
[Source "ChessBase"]
[SourceDate "2022.10.05"]
[SourceVersion "1"]
[SourceVersionDate "2022.10.05"]
[SourceQuality "1"]

1. e4 c5 2. Nf3 e6 3. d3 Nc6 4. g3 g6 5. Nbd2 Bg7 6. Bg2 Nge7 7. 0-0 0-0 8. Nb3 d6 9. d4 cxd4 10. Nbxd4 Nxd4 11. Nxd4 a6 12. c4 Qc7 13. b3 Bd7 14. Be3 b5 15. cxb5 axb5 16. Qd2 Ra6 17. Rfc1 Qb7 18. Qb4 e5 19. Nc2 Nc6 20. Qd2 Rfa8 21. a3 Na5 22. Rab1 Be6 23. Qd3 Nc6 24. Bf1 Ne7 25. f3 Bd7 26. a4 d5 27. Bc5 dxe4 28. fxe4 Bf8 29. Nb4 Ra5 30. Kh1 Rc8 31. Bxe7 Bxe7 32. Nd5 Bd8 33. Rxc8 Qxc8 34. Qc3 Qxc3 35. Nxc3 bxa4 36. bxa4 Ra8 37. Bb5 Bh3 38. Bf1 Be6 39. Nd5 Kg7 40. Bb5 f5 41. Bc6 Rc8 42. Rb7+ Kh6 43. Bd7 Bxd7 44. Rxd7 fxe4 45. h4 g5 46. Kg2 gxh4 47. gxh4 Bxh4 48. a5 Rc2+ 49. Kh3 Bf2 50. a6 Ra2 51. Nc3 Ra3 52. Kg2 Rxc3 53. Kxf2 Ra3 54. Re7 Kg5 55. a7 h6 56. Rg7+ Kf6 57. Rh7 Kg6 58. Re7 Kf5 59. Rf7+ Ke6 60. Rh7 Kd5 61. Rd7+ 1/2-1/2

[Event "Kimry-ch"]
[Site "Kimry"]
[Date "2007.01.07"]
[Round "8"]
[White "Nefedov, Dmitriy"]
[Black "Zhadanov, Nikolay"]
[Result "0-1"]
[WhiteElo "2117"]
[BlackElo "2173"]
[PlyCount "68"]
[EventDate "2007.01.02"]
[EventType "swiss"]
[EventRounds "9"]
[EventCountry "RUS"]
[SourceTitle "EXT 2010"]
[Source "ChessBase"]
[SourceDate "2010.11.25"]
[SourceVersion "1"]
[SourceVersionDate "2010.11.25"]
[SourceQuality "1"]

1. e4 e6 2. Qe2 c5 3. Nf3 Nc6 4. g3 Nge7 5. Bg2 g6 6. d3 Bg7 7. c3 0-0 8. 0-0 e5 9. Na3 d5 10. Be3 b6 11. Rfe1 h6 12. Rad1 d4 13. cxd4 cxd4 14. Bc1 Be6 15. b3 a5 16. Qb2 Na7 17. Re2 Nec6 18. Nd2 b5 19. Nc2 b4 20. a4 bxa3 21. Nxa3 Rb8 22. Qc2 Nb4 23. Qb1 a4 24. Ndc4 axb3 25. Rb2 Bxc4 26. dxc4 Na2 27. Rxb3 Nc3 28. Rxb8 Qxb8 29. Qxb8 Rxb8 30. Rd2 Bf8 31. Rb2 Ra8 32. Nb1 Nc6 33. Bf1 Ra1 34. Bd3 Nb4 0-1

[Event "Kimry-ch"]
[Site "Kimry"]
[Date "2007.01.06"]
[Round "7"]
[White "Zhadanov, Nikolay"]
[Black "Erzhanov, Arman"]
[Result "0-1"]
[WhiteElo "2173"]
[BlackElo "2276"]
[PlyCount "74"]
[EventDate "2007.01.02"]
[EventType "swiss"]
[EventRounds "9"]
[EventCountry "RUS"]
[SourceTitle "EXT 2010"]
[Source "ChessBase"]
[SourceDate "2010.11.25"]
[SourceVersion "1"]
[SourceVersionDate "2010.11.25"]
[SourceQuality "1"]

1. c4 e5 2. Nc3 Nc6 3. g3 g6 4. Bg2 Bg7 5. e3 d6 6. Nge2 Be6 7. d3 Qd7 8. Nd5 Nd8 9. h4 c6 10. Ndc3 Nf6 11. b3 0-0 12. d4 exd4 13. Nxd4 Bg4 14. f3 Be6 15. e4 d5 16. exd5 cxd5 17. c5 Qc7 18. Kf2 Qxc5 19. Nce2 Nc6 20. Be3 Qa5 21. h5 Nxh5 22. g4 Nf6 23. Nf4 Rfe8 24. g5 Nd7 25. b4 Nxb4 26. Qb3 Nc5 27. Qb1 Nc6 28. Qd1 Qa3 29. Rc1 Nxd4 30. Bxd4 Nd3+ 31. Nxd3 Bxd4+ 32. Kg3 Qd6+ 33. f4 Bf5 34. Ne1 Be3 35. Rh4 Qa3 36. Bxd5 Bxf4+ 37. Kg2 Qg3+ 0-1

[Event "Kimry-ch"]
[Site "Kimry"]
[Date "2007.01.04"]
[Round "5"]
[White "Zhadanov, Nikolay"]
[Black "Makhnev, Vladimir"]
[Result "0-1"]
[WhiteElo "2173"]
[BlackElo "2310"]
[PlyCount "66"]
[EventDate "2007.01.02"]
[EventType "swiss"]
[EventRounds "9"]
[EventCountry "RUS"]
[SourceTitle "EXT 2010"]
[Source "ChessBase"]
[SourceDate "2010.11.25"]
[SourceVersion "1"]
[SourceVersionDate "2010.11.25"]
[SourceQuality "1"]

1. e4 e5 2. Nf3 d6 3. d4 Bg4 4. dxe5 Nc6 5. h3 Bxf3 6. Qxf3 Nd4 7. Qd3 dxe5 8. c3 Nc6 9. Qb5 Rb8 10. Be3 a6 11. Qb3 Bd6 12. Nd2 Nf6 13. Be2 Qe7 14. Qc4 Nd8 15. a4 0-0 16. a5 Ne6 17. b4 Nf4 18. Bf1 Rfc8 19. g3 Ne6 20. Qd3 h5 21. h4 Ng4 22. Nc4 Rd8 23. Qb1 c5 24. b5 Nc7 25. b6 Nb5 26. Bg5 f6 27. Bd2 Qe8 28. f3 Nh6 29. Bxh6 gxh6 30. Ne3 Bf8 31. Nd5 Qg6 32. Bxb5 axb5 33. Kf2 f5 0-1

[Event "Kimry-ch"]
[Site "Kimry"]
[Date "2007.01.03"]
[Round "3"]
[White "Zhadanov, Nikolay"]
[Black "Shidlovski, Yuri"]
[Result "1-0"]
[WhiteElo "2173"]
[BlackElo "2082"]
[PlyCount "75"]
[EventDate "2007.01.02"]
[EventType "swiss"]
[EventRounds "9"]
[EventCountry "RUS"]
[SourceTitle "EXT 2010"]
[Source "ChessBase"]
[SourceDate "2010.11.25"]
[SourceVersion "1"]
[SourceVersionDate "2010.11.25"]
[SourceQuality "1"]

1. e4 c5 2. Nf3 Nc6 3. d4 cxd4 4. Nxd4 Nf6 5. Nc3 d6 6. Bg5 e6 7. Qd2 Be7 8. 0-0-0 h6 9. Bxf6 gxf6 10. Ndb5 a6 11. Nxd6+ Bxd6 12. Qxd6 Qxd6 13. Rxd6 Ke7 14. Rd2 b5 15. Be2 Rd8 16. Rxd8 Nxd8 17. Rd1 Bb7 18. a3 Nc6 19. Rd3 Rg8 20. Rg3 Rxg3 21. hxg3 Nd4 22. Bd3 Bc6 23. b4 Kd6 24. Kd2 e5 25. Ne2 Nxe2 26. Kxe2 f5 27. Ke3 fxe4 28. Bxe4 Bd5 29. g4 f6 30. Bxd5 Kxd5 31. f3 Ke6 32. Ke4 h5 33. gxh5 f5+ 34. Kd3 Kf6 35. c4 bxc4+ 36. Kxc4 Kg5 37. a4 Kxh5 38. b5 1-0

[Event "Moscow Region-ch"]
[Site "Dubna"]
[Date "2001.??.??"]
[Round "5"]
[White "Siritsa, Dmitry"]
[Black "Zhadanov, Nikolay"]
[Result "1/2-1/2"]
[WhiteElo "2221"]
[BlackElo "2258"]
[PlyCount "114"]
[EventDate "2001.??.??"]
[EventType "swiss"]
[EventRounds "9"]
[EventCountry "RUS"]
[SourceTitle "EXT 2006"]
[Source "ChessBase"]
[SourceDate "2005.11.24"]
[SourceVersion "1"]
[SourceVersionDate "2005.11.24"]
[SourceQuality "1"]

1. e4 c5 2. Nf3 d6 3. d4 cxd4 4. Nxd4 Nf6 5. Nc3 a6 6. h3 b5 7. Nd5 e6 8. Nxf6+ Qxf6 9. Be3 Bb7 10. Bd3 d5 11. exd5 Bxd5 12. Qd2 Nd7 13. 0-0-0 Bc5 14. Nxb5 Bxe3 15. Nd6+ Ke7 16. fxe3 Rab8 17. c4 Kxd6 18. cxd5 Rhc8+ 19. Kb1 Rxb2+ 20. Qxb2 Rb8 21. Qxb8+ Nxb8 22. dxe6 Kxe6 23. Rhf1 Qc3 24. Rf4 Ke7 25. Rc4 Qa5 26. Bc2 Nd7 27. Re4+ Ne5 28. Bb3 f6 29. Kb2 Qb5 30. Rd2 a5 31. Rc2 f5 32. Rd4 Nd3+ 33. Ka3 Kf6 34. Ba4 Qb8 35. Rc6+ Ke5 36. Bb3 Qf8+ 37. Rcd6 Qxd6+ 38. Rxd6 Kxd6 39. Bc2 Ne1 40. Bxf5 Nxg2 41. e4 g6 42. Bc8 Kc7 43. Be6 Nf4 44. Bg8 h5 45. Bh7 h4 46. Ka4 Kb6 47. e5 Nxh3 48. Bxg6 Nf4 49. Bf5 h3 50. Bxh3 Nxh3 51. e6 Kc6 52. Kxa5 Ng5 53. e7 Kd7 54. Kb6 Kxe7 55. a4 Kd8 56. Kb7 Ne6 57. a5 Nc7 1/2-1/2

[Event "Moscow Region-ch"]
[Site "Dubna"]
[Date "2001.??.??"]
[Round "8"]
[White "Zhadanov, Nikolay"]
[Black "Demin, Gleb Yurevich"]
[Result "0-1"]
[WhiteElo "2258"]
[BlackElo "2265"]
[PlyCount "46"]
[EventDate "2001.??.??"]
[EventType "swiss"]
[EventRounds "9"]
[EventCountry "RUS"]
[SourceTitle "EXT 2006"]
[Source "ChessBase"]
[SourceDate "2005.11.24"]
[SourceVersion "1"]
[SourceVersionDate "2005.11.24"]
[SourceQuality "1"]

1. e4 d6 2. d4 g6 3. Be3 Bg7 4. Qd2 c6 5. f3 Nd7 6. Nc3 b5 7. d5 b4 8. dxc6 bxc3 9. cxd7+ Bxd7 10. bxc3 Rc8 11. Bd4 Bh6 12. Qd3 e5 13. Be3 Bxe3 14. Qxe3 Qa5 15. Ne2 Ne7 16. Kf2 f5 17. g3 fxe4 18. fxe4 0-0+ 19. Kg2 Bg4 20. Kg1 Rf3 21. Qd2 Qc5+ 22. Nd4 exd4 23. cxd4 Qxc2 0-1